| 000 | 01035cam a22003135a 4500 | ||
|---|---|---|---|
| 001 | 15198020 | ||
| 005 | 20160720122708.0 | ||
| 008 | 080228s2009 enk |rb 001 0 eng d | ||
| 010 | _a 2008923980 | ||
| 015 |
_aGBA8A1004 _2bnb |
||
| 016 | 7 |
_a014697397 _2Uk |
|
| 020 | _a9781412935708 (pbk.) | ||
| 035 | _a(OCoLC)ocn228363142 | ||
| 040 |
_aUKM _cUKM _dBTCTA _dBAKER _dYDXCP _dBWKUK _dBWK _dBWX _dCDX _dAGL _dDLC |
||
| 042 | _alccopycat | ||
| 050 | 0 | 0 |
_aJF1351 _b.B49 2009 |
| 070 | 0 |
_aJF1351 _b.B49 2009 |
|
| 082 | 0 | 4 |
_a351 _222 _bBEV |
| 100 | 1 |
_aBevir, Mark. _911811 |
|
| 245 | 1 | 0 |
_aKey Concepts in Governance / _cMark Bevir. |
| 260 |
_aLos Angeles ; _aLondon : _bSAGE, 2009 _c2009. |
||
| 300 |
_aix, 218 p. ; _c22 cm. |
||
| 490 | _aThe Sage Key Concepts Series | ||
| 504 | _aIncludes bibliographical references (p. 210-218). | ||
| 650 | 0 |
_aPublic administration. _911812 |
|
| 650 | 0 |
_911813 _aState, The |
|
| 942 |
_2ddc _cBB |
||
| 999 |
_c13488 _d13488 |
||